| 000 | 00609nam a22002177a 4500 | ||
|---|---|---|---|
| 005 | 20260115165602.0 | ||
| 008 | 260102b |||||||| |||| 00| 0 eng d | ||
| 020 | _a0805838686 | ||
| 040 |
_aLNDL _cLNDL |
||
| 041 | _aEng | ||
| 100 |
_aHewlett , Nigel _9861280 |
||
| 245 | _aAn interoduction to the science of phoetics : | ||
| 260 |
_aLondon : _bLawrence erlbaum Associates , _c2006 . |
||
| 300 | _a361p. | ||
| 650 |
_aPhonetic _9861281 |
||
| 650 |
_aBeck _9861282 |
||
| 650 |
_aMackenzie _9861283 |
||
| 700 |
_aBeck , Janet _9861284 |
||
| 942 |
_2CC _cGB _n0 |
||
| 999 |
_c1466805 _d1466805 |
||